Égypte : le Nil égyptien et soudanais, du delta à Khartoum : [guide /

محفوظ في:

مؤلفون آخرون: Fauvel, Jean Jacques., Meeks, Dimitri., Favard-Meeks, Christine.

التنسيق: كتاب

اللغة: French

منشور في: Paris : Hachette, c1976.

سلاسل: Les Guides bleus.

الموضوعات:

الوسوم: إضافة وسم

لا توجد وسوم, كن أول من يضع وسما على هذه التسجيلة!

رقم الطلب: DT45 .E417 1976

LEADER 00865nam a2200253Ia 4500
003 OSt
005 20260318073924.0
008 211223s1976 fr af b 00100 fre u
020 |a 2010024338 
040 |c ARCE Library 
050 4 |a DT45 .E417 1976 
245 0 0 |a Égypte :   |b le Nil égyptien et soudanais, du delta à Khartoum : [guide /   |c établi par Jean-Jacques Fauvel et Dimitri Meeks, avec la collaboration de Christine Favard].  
264 1 |a Paris :   |b Hachette,   |c c1976. 
300 |a 748 p., [1] fold. leaf of plates :   |b ill. (some col.) ;   |c 18 cm. 
490 0 |a Les Guides bleus. 
500 |a Includes indexes. 
504 |a Bibliography: p. [180]-185. 
651 0 |a Egypt   |v Guiidebooks. 
700 1 |a Fauvel, Jean Jacques. 
700 1 |a Meeks, Dimitri. 
700 2 |a Favard-Meeks, Christine. 
901 |a reviewed 
942 |2 lcc  |c BK 
999 |c 41335  |d 41335